[Event "RUS-ch Women Blitz 2019"]
[Site "Sochi"]
[Date "2019.10.17"]
[Round "5.8"]
[White "Tomilova, Elena"]
[Black "Koroleva, Evgeniya"]
[Result "1-0"]
[WhiteElo "2345"]
[BlackElo "1855"]
[Annotator "TA"]
[PlyCount "107"]
[EventDate "2019.10.17"]
[EventType "swiss"]
[EventCountry "RUS"]
[SourceTitle "playchess.com"]
[Source "ChessBase"]
[SourceQuality "1"]

{[%evp 9,107,-8,6,0,41,50,60,-20,-20,-13,0,-15,85,93,140,148,147,43,179,181,191,130,205,220,384,381,355,214,281,277,353,360,327,340,345,277,266,265,336,328,388,376,436,415,1196,1187,29996,2335,29996,2241,29995,29985,29989,29974,29992,29990,29990,29991,29995,841,1955,1825,1472,1005,29996,731,803,785,1021,687,4614,4586,1133,960,29972,29975,29976,29978,29978,29979,29979,29980,29982,29983,29983,29984,29984,29985,29985,29986,29986,29986,29986,29986,29986,29987,29989,29990,29990,29991]} 1. d4 d5 2. Bf4 c5 3. e3 Nf6 4. c3 Nc6 5. Nd2 Bf5 (5... Qb6 6. Qb3 Nh5 7. Qxb6 axb6 8. Bc7 cxd4 9. exd4 e5 10. Bxe5 Nxe5 11. dxe5 Bc5 12. g3 O-O {1-0 (76) Aronian,L (2765)-Caruana,F (2832) London 2018}) 6. Qb3 {D00: 1 d4 d5: Unusual lines} Qb6 7. dxc5 Qxb3 8. Nxb3 (8. axb3 $14 e5 9. Bg3) 8... e5 $11 9. Bg3 Ne4 10. Bb5 Nxg3 (10... f6 $11) 11. hxg3 $16 Bc2 $146 ({Predecessor:} 11... a6 12. Ba4 Bc2 {½-½ (27) Tarr,S (1737)-Meadows,M (1764) England 2013}) 12. Nf3 $36 {[%mdl 2048] And now Nxe5 would win. Black is under strong pressure.} f6 13. c4 (13. Nbd4 $16 exd4 14. Nxd4) 13... Bxb3 (13... a6 $14 14. Bxc6+ (14. cxd5 axb5 15. dxc6 bxc6 $11) 14... bxc6) 14. axb3 $18 dxc4 {[#]} 15. b4 ({But not} 15. Bxc4 $6 Bxc5 16. Ke2 Nb4 $14) (15. Nh4 $1 $18) 15... Kf7 (15... Kd7 $16 16. Nd2 a6) 16. Bxc4+ Ke7 $2 (16... Ke8 17. Bb5 a6) 17. b5 Nb4 {intending ...Nc2+.} 18. Rd1 Ke8 19. Nh4 Bxc5 {[#] and the idea ...h5 leaves Black hopeful.} 20. Ng6 $1 {[%mdl 512]} hxg6 21. Rxh8+ Bf8 22. Be6 {Hoping for Rd7!} Ke7 23. Bb3 {Rh4 is the strong threat.} e4 24. Ke2 f5 25. f3 exf3+ 26. gxf3 Kf6 (26... a5 $142 27. Rc1 Kd6) 27. Rd7 Kg5 28. Rf7 (28. f4+ $142 Kg4 29. Kf2 Nd3+ 30. Rxd3 g5 31. Bd1#) 28... Rc8 29. Rfxf8 (29. Rh4 $142 Rc2+ 30. Bxc2 Bd6 31. f4+ Bxf4 32. exf4#) 29... Rc1 30. Kd2 Rg1 31. Rh3 a5 32. bxa6 Rg2+ {[#]} 33. Kc3 $1 Nxa6 34. f4+ (34. Bd1 $142 Rc2+ {[%mdl 64] Decoy} 35. Kxc2 Nb4+ 36. Kb3 Nd5 37. f4+ Nxf4 38. gxf4#) 34... Kg4 35. Rfh8 {White threatens Bd1+ and mate.} Kf3 36. Rh2 Rg1 37. R8h7 (37. Bd5+ $142 Kg4 38. R8h4+ Kxg3 39. R4h3+ Kg4 40. Bf3#) 37... Nc5 38. Rxg7 Ne4+ 39. Kc2 Nxg3 40. Rxg6 Kxe3 41. Rh3 Kxf4 42. Rhxg3 {White mates.} Rxg3 43. Rxg3 Kxg3 {[%mdl 4096] Endgame KB-KPP} 44. Bd5 b6 45. Kc3 f4 46. Kb4 f3 47. Kb5 f2 48. Bc4 Kf4 49. Kxb6 Ke4 50. b4 {[%cal Bb2b4,Bb4b5,Bb5b6][%mdl 32]} Kd4 51. Bf1 Kd5 52. b5 Kd6 53. Ka7 Kd7 54. b6 {Accuracy: White = 61%, Black = 15%.} 1-0

[Event "RUS-ch Women Blitz 2019"]
[Site "Sochi"]
[Date "2019.10.17"]
[Round "5.9"]
[White "Dumcheva, Julia"]
[Black "Charochkina, Daria"]
[Result "1/2-1/2"]
[WhiteElo "2168"]
[BlackElo "2355"]
[Annotator "TA"]
[PlyCount "53"]
[EventDate "2019.10.17"]
[EventType "swiss"]
[EventCountry "RUS"]
[SourceTitle "playchess.com"]
[Source "ChessBase"]
[SourceQuality "1"]

{[%evp 9,53,-13,27,-23,-12,-51,23,6,24,24,16,13,30,17,45,34,44,4,0,0,0,0,0,0,28,4,15,-3,-6,-6,0,0,7,0,0,0,0,0,0,0,0,0,0,0,0,0]} 1. e4 d5 2. exd5 Qxd5 3. Nc3 Qd6 4. g3 e5 (4... Nf6 5. Bg2 g6 6. Nge2 Bg7 7. O-O O-O 8. d3 c6 9. Rb1 a5 10. Bf4 e5 11. Be3 Nd5 12. Bd2 {½-½ (52) Smirin,I (2663)-Inarkiev,E (2680) Khanty-Mansiysk 2013}) 5. Bg2 Nf6 6. Nge2 {B01: Scandinavian Defence} Nc6 7. O-O Be7 ({Black should try} 7... Be6 $15) 8. Nb5 {White has an edge.} Qd8 $146 ({Predecessor:} 8... Qd7 9. d4 a6 10. dxe5 axb5 11. exf6 Bxf6 12. c3 {1-0 (45) Czimer,J (1845)-Simai,L (2015) Hungary 2010}) 9. d4 a6 10. dxe5 axb5 11. exf6 Bxf6 12. Qxd8+ Nxd8 13. c3 O-O 14. Bf4 Ne6 15. Be3 c6 16. a3 Bd7 17. Rfd1 Bc8 $1 {The position is equal.} 18. Nf4 Nxf4 19. Bxf4 Be6 20. Rd2 Bb3 21. Re1 Rfe8 22. Rxe8+ Rxe8 23. Be3 Be6 24. h4 h5 25. Bf3 g6 26. Kg2 Bf5 27. Bf4 {Accuracy: White = 46%, Black = 50%.} 1/2-1/2

[Event "RUS-ch Women Blitz 2019"]
[Site "Sochi"]
[Date "2019.10.17"]
[Round "5.10"]
[White "Yakimova, Mariya"]
[Black "Belenkaya, Dina"]
[Result "0-1"]
[WhiteElo "2276"]
[BlackElo "2300"]
[Annotator "TA"]
[PlyCount "96"]
[EventDate "2019.10.17"]
[EventType "swiss"]
[EventCountry "RUS"]
[SourceTitle "playchess.com"]
[Source "ChessBase"]
[SourceQuality "1"]

{[%evp 9,96,-11,11,0,42,13,53,14,4,0,0,0,0,0,22,11,12,24,26,15,18,27,18,-18,0,0,0,-8,1,0,-11,-45,-35,-34,-32,-46,-13,-34,0,0,0,-76,-78,-81,-87,-70,-80,-69,-70,-84,-83,-86,-64,-84,-83,-129,-133,-457,-61,-67,-67,-68,-68,-68,-68,-71,-71,-73,-69,-77,-75,-77,-80,-111,-111,-132,-137,-398,-382,-313,-328,-575,-566,-500,-214,-29981,-29982,-29991,-174]} 1. d4 d5 $146 ({Predecessor:} 1... Nf6 2. c4 g6 3. g3 c6 4. Nf3 d5 5. Qb3 dxc4 6. Qxc4 Be6 7. Qc2 Bf5 8. Qa4 Nbd7 9. Bg2 Nb6 {½-½ (32) Alekseev,E (2716)-Ivanchuk,V (2787) Moscow 2007}) 2. Nf3 Nf6 3. c4 dxc4 4. Qa4+ c6 5. Qxc4 Nbd7 6. g3 {D23: Queen's Gambit Accepted: 3 Nf3 Nf6 sidelines} Nb6 (6... e5 $5) 7. Qc2 (7. Qd3 {feels hotter.} Bg4 8. Bg2 e6 9. Nc3 Bb4 10. O-O) 7... g6 8. Bg2 {White is slightly better.} Bf5 9. Qd1 Bg7 10. O-O O-O 11. Nc3 Ne4 12. e3 Qd7 13. Nxe4 Bxe4 14. Ne5 Bxe5 $1 15. Bxe4 Bg7 16. Qe2 e5 17. dxe5 Bxe5 18. Rd1 Qe7 19. Bg2 Rfd8 20. e4 Rxd1+ 21. Qxd1 Rd8 $36 {[%mdl 2048] White is under pressure.} 22. Qb3 Qf6 23. Rb1 c5 (23... Bd4 {looks sharper.} 24. Qc2 Nc4 25. Bf4 Ne5 26. Bxe5 Bxe5 27. f4 Bc7) 24. Be3 Bd4 25. e5 (25. Rd1 $11 {keeps the balance.}) 25... Qxe5 $17 26. Bxb7 Bxe3 27. Qxe3 Qxe3 28. fxe3 {[%mdl 4096] Endgame KRB-KRN} Rd2 29. b3 Rxa2 30. Rc1 Rb2 31. Rxc5 Rxb3 32. Ra5 Rxe3 33. Rxa7 $2 {[%mdl 8192] [#]} (33. Kf2 $17) 33... Kg7 $2 ({Black should play} 33... Re7 $19 {aiming for ...Kg7.} 34. Kf2 Kg7) 34. Bc6 Nc4 35. Bd5 Ne5 36. Ra2 h5 37. Bg2 Kh6 38. Ra1 Re2 39. Kf1 Rb2 40. Re1 f6 41. Ra1 Kg5 42. Re1 h4 43. Ra1 $2 {[%mdl 8192]} (43. gxh4+ $17 {keeps fighting.} Kxh4 44. Re4+ Kg5 45. h3) 43... Ng4 $19 44. gxh4+ Kxh4 {...Ne3+ is the strong threat.} 45. Kg1 $2 (45. Ra4 Kg5 46. Ra5+ f5 47. Bc6) 45... f5 46. Rc1 g5 (46... f4 $142 47. Be4 g5) 47. h3 $2 {[#]} (47. Rc3 $19 Rb1+ 48. Bf1) 47... Ne3 48. Rc3 Rxg2+ {Accuracy: White = 26%, Black = 70%.} 0-1

[Event "RUS-ch Women Blitz 2019"]
[Site "Sochi"]
[Date "2019.10.17"]
[Round "5.11"]
[White "Garifullina, Leya"]
[Black "Vifleemskaia, Svetlana"]
[Result "1-0"]
[WhiteElo "2330"]
[BlackElo "1978"]
[Annotator "RC"]
[PlyCount "71"]
[EventDate "2019.10.17"]
[EventType "swiss"]
[EventCountry "RUS"]
[SourceTitle "playchess.com"]
[Source "ChessBase"]
[SourceQuality "1"]
[TimeControl "180+2"]

1. e4 d5 2. exd5 {[%emt 0:00:00]} Nf6 {[%emt 0:00:00]} 3. d4 {[%emt 0:00:02]} Bg4 {[%emt 0:00:00]} 4. f3 {[%emt 0:00:04]} Bf5 {[%emt 0:00:00]} 5. Bb5+ {[%emt 0:00:01]} Nbd7 {[%emt 0:00:07]} 6. c4 {[%emt 0:00:13]} e6 {[%emt 0:00:08]} 7. dxe6 {[%emt 0:00:02]} fxe6 {[%emt 0:00:01]} 8. Ne2 {[%emt 0:00:05]} c6 {[%emt 0:00:07]} 9. Ba4 {[%emt 0:00:02]} Bd6 {[%emt 0:00:13]} 10. Bf4 {[%emt 0:00:02]} Qc7 {[%emt 0:00:09]} 11. Bxd6 {[%emt 0:00:02]} Qxd6 {[%emt 0:00:01]} 12. Nbc3 {[%emt 0:00:04]} O-O {[%emt 0:00:10]} 13. O-O {[%emt 0:00:03]} e5 {[%emt 0:00:06]} 14. dxe5 {[%emt 0:00:03]} Qxe5 {[%emt 0:00:29]} 15. Bc2 {[%emt 0:00:07]} Bxc2 {[%emt 0:00:07]} 16. Qxc2 {[%emt 0:00:02]} Qc5+ {[%emt 0:00:00]} 17. Kh1 {[%emt 0:00:01]} Qxc4 {[%emt 0:00:01]} 18. Rad1 {[%emt 0:00:05]} Rad8 {[%emt 0:00:02]} 19. Rd4 {[%emt 0:00:01]} Qe6 {[%emt 0:00:15]} 20. Rfd1 {[%emt 0:00:01]} Rde8 {[%emt 0:00:07]} 21. Rd6 {[%emt 0:00:03]} Qe7 {[%emt 0:00:05]} 22. Qb3+ {[%emt 0:00:01]} Rf7 {[%emt 0:00:14]} 23. Qxb7 {[%emt 0:00:07]} Ne5 {[%emt 0:00:05]} 24. Qxe7 {[%emt 0:00:02]} Rfxe7 {[%emt 0:00:02]} 25. b3 {[%emt 0:00:04]} Nd5 {[%emt 0:00:10]} 26. Nxd5 {[%emt 0:00:03]} cxd5 {[%emt 0:00:01]} 27. Ng1 {[%emt 0:00:08]} Ng6 {[%emt 0:00:32]} 28. R6xd5 {[%emt 0:00:05]} Re1 {[%emt 0:00:02]} 29. h3 {[%emt 0:00:04]} Nf4 {[%emt 0:00:04]} 30. R5d2 {[%emt 0:00:02]} h6 {[%emt 0:00:11]} 31. Kh2 {[%emt 0:00:04]} a5 {[%emt 0:00:02]} 32. Rxe1 {[%emt 0:00:04]} Rxe1 {[%emt 0:00:01]} 33. Rd4 {[%emt 0:00:02]} g5 {[%emt 0:00:12]} 34. h4 {[%emt 0:00:03]} Rxg1 {[%emt 0:00:14]} 35. Rd8+ {[%emt 0:00:03]} Kf7 {[%emt 0:00:01]} 36. Kxg1 {[%emt 0:00:02]} 1-0

[Event "RUS-ch Women Blitz 2019"]
[Site "Sochi"]
[Date "2019.10.17"]
[Round "5.12"]
[White "Sukhareva, Evgeniya"]
[Black "Afonasieva, Anna"]
[Result "1/2-1/2"]
[WhiteElo "2122"]
[BlackElo "2312"]
[Annotator "NA RC"]
[PlyCount "79"]
[EventDate "2019.10.17"]
[EventType "swiss"]
[EventCountry "RUS"]
[SourceTitle "playchess.com"]
[Source "ChessBase"]
[SourceQuality "1"]
[TimeControl "180+2"]

1. d4 {[%emt 0:00:00]} d5 {[%emt 0:00:00]} 2. Nf3 {[%emt 0:00:00]} Nf6 {[%emt 0:00:00]} 3. c4 {[%emt 0:00:01]} c6 {[%emt 0:00:01]} 4. cxd5 {[%emt 0:00:03]} cxd5 {[%emt 0:00:01]} 5. Nc3 {[%emt 0:00:01]} Nc6 {[%emt 0:00:01]} 6. Bf4 {[%emt 0:00:01]} Bf5 {[%emt 0:00:01]} 7. e3 {[%emt 0:00:00]} e6 {[%emt 0:00:01]} 8. Bd3 {[%emt 0:00:01]} Bg6 {[%emt 0:00:15]} 9. O-O {[%emt 0:00:05]} Bd6 {[%emt 0:00:02]} 10. Ne5 {[%emt 0:00:01]} O-O {[%emt 0:00:06]} 11. Rc1 {[%emt 0:00:10]} Bxe5 {[%emt 0:00:07]} 12. Bxe5 {[%emt 0:00:03]} Nxe5 {[%emt 0:00:02]} 13. dxe5 {[%emt 0:00:01]} Nd7 {[%emt 0:00:01]} 14. Bxg6 {[%emt 0:00:12]} hxg6 {[%emt 0:00:02]} 15. f4 {[%emt 0:00:01]} a6 {[%emt 0:00:02]} 16. Rf3 {[%emt 0:00:09]} Rc8 {[%emt 0:00:31]} 17. Qd2 {[%emt 0:00:10]} Nc5 {[%emt 0:00:07]} 18. Rff1 {[%emt 0:00:12]} b5 {[%emt 0:00:04]} 19. Qd4 {[%emt 0:00:06]} Qe7 {[%emt 0:00:26]} 20. e4 {[%emt 0:00:25]} dxe4 {[%emt 0:00:08]} 21. Nxe4 {[%emt 0:00:01]} Nxe4 {[%emt 0:00:02]} 22. Qxe4 {[%emt 0:00:02] [#]} Qa7+ $17 {[%emt 0:00:10]} 23. Kh1 {[%emt 0:00:03]} Qf2 {[%emt 0:00:23]} 24. Qb1 {[%emt 0:00:01]} Qe3 {[%emt 0:00:10]} 25. h3 {[%emt 0:00:07]} Rfd8 {[%emt 0:00:08]} 26. Rxc8 {[%emt 0:00:18]} Rxc8 {[%emt 0:00:01]} 27. Qd1 {[%emt 0:00:01]} Rc4 {[%emt 0:00:12]} 28. Qd8+ {[%emt 0:00:04]} Kh7 {[%emt 0:00:01]} 29. Qh4+ {[%emt 0:00:02]} Kg8 {[%emt 0:00:01]} 30. Qf2 {[%emt 0:01:20]} Qe4 {[%emt 0:00:01]} 31. Qh4 {[%emt 0:00:03]} Qd4 {[%emt 0:00:07]} 32. Qf2 {[%emt 0:00:04]} Qe4 {[%emt 0:00:10]} 33. Qh4 {[%emt 0:00:03]} Rc2 {[%emt 0:00:10]} 34. Qd8+ {[%emt 0:00:06]} Kh7 {[%emt 0:00:01]} 35. Qh4+ {[%emt 0:00:01]} Kg8 {[%emt 0:00:01]} 36. Qg5 {[%emt 0:00:05]} Rxb2 {[%emt 0:00:12]} 37. Rd1 {[%emt 0:00:05]} Rb1 {[%emt 0:00:04]} 38. Qd8+ {[%emt 0:00:01]} Kh7 {[%emt 0:00:01]} 39. Qh4+ {[%emt 0:00:01]} Kg8 {[%emt 0:00:00]} 40. Qd8+ {[%emt 0:00:01]} 1/2-1/2

[Event "RUS-ch Women Blitz 2019"]
[Site "Sochi"]
[Date "2019.10.20"]
[Round "5.12"]
[White "Khatmullina, Dilara"]
[Black "Mamontova, Anastasia"]
[Result "0-1"]
[WhiteElo "1843"]
[BlackElo "2002"]
[Annotator "NA"]
[PlyCount "163"]
[EventDate "2019.10.17"]
[EventType "swiss"]
[EventCountry "RUS"]
[SourceTitle "playchess.com"]
[Source "ChessBase"]
[SourceQuality "1"]
[TimeControl "180+2"]

1. Nf3 {[%emt 0:00:00]} Nf6 {[%emt 0:00:03]} 2. g3 {[%emt 0:00:00]} b6 {[%emt 0:00:03]} 3. Bg2 {[%emt 0:00:01]} Bb7 {[%emt 0:00:01]} 4. O-O {[%emt 0:00:02]} c5 {[%emt 0:00:01]} 5. d3 {[%emt 0:00:10]} e6 {[%emt 0:00:01]} 6. e4 {[%emt 0:00:01]} Be7 {[%emt 0:00:06]} 7. Re1 {[%emt 0:00:01]} O-O {[%emt 0:00:07]} 8. Nbd2 {[%emt 0:00:03]} d5 {[%emt 0:00:04]} 9. e5 {[%emt 0:00:03]} Nfd7 {[%emt 0:00:04]} 10. Nf1 {[%emt 0:00:01]} Nc6 {[%emt 0:00:04]} 11. h4 {[%emt 0:00:03]} Qc7 {[%emt 0:00:08]} 12. Bf4 {[%emt 0:00:04]} Rae8 {[%emt 0:00:15]} 13. N1h2 {[%emt 0:00:03]} Qc8 {[%emt 0:00:10]} 14. Ng4 {[%emt 0:00:07]} f6 {[%emt 0:00:05]} 15. Qe2 {[%emt 0:00:24]} fxe5 {[%emt 0:00:17]} 16. Ngxe5 {[%emt 0:00:13]} Ndxe5 {[%emt 0:00:01]} 17. Nxe5 {[%emt 0:00:08]} Bf6 {[%emt 0:00:12]} 18. Qg4 {[%emt 0:00:17]} Nd4 {[%emt 0:00:23]} 19. Rac1 {[%emt 0:00:13]} Qd8 {[%emt 0:00:17]} 20. h5 {[%emt 0:00:07]} Qe7 {[%emt 0:00:57]} 21. h6 {[%emt 0:00:31]} g6 {[%emt 0:00:01]} 22. c3 {[%emt 0:00:25]} Nf5 {[%emt 0:00:01]} 23. Nf3 {[%emt 0:00:13]} Bc8 {[%emt 0:00:17]} 24. Be5 {[%emt 0:00:05]} Bxe5 {[%emt 0:00:05]} 25. Nxe5 {[%emt 0:00:01]} Nxh6 {[%emt 0:00:01]} 26. Qa4 {[%emt 0:00:08]} Qf6 {[%emt 0:00:01]} 27. Rc2 {[%emt 0:00:08]} Re7 {[%emt 0:00:01]} 28. Nc6 {[%emt 0:00:07]} Ref7 {[%emt 0:00:03]} 29. Nxa7 {[%emt 0:00:01]} Bd7 {[%emt 0:00:03]} 30. Qh4 {[%emt 0:00:09]} Qxh4 {[%emt 0:00:02]} 31. gxh4 {[%emt 0:00:01]} Ng4 {[%emt 0:00:02]} 32. f3 {[%emt 0:00:06]} Nh6 {[%emt 0:00:01]} 33. Bh3 {[%emt 0:00:03]} Ra8 {[%emt 0:00:03]} 34. Bxe6 {[%emt 0:00:04]} Bxe6 {[%emt 0:00:01]} 35. Rxe6 {[%emt 0:00:01]} Raxa7 {[%emt 0:00:02]} 36. Rxb6 {[%emt 0:00:02]} Rxa2 {[%emt 0:00:01]} 37. Rb8+ {[%emt 0:00:01]} Kg7 {[%emt 0:00:01]} 38. Rc8 {[%emt 0:00:01]} Ra5 {[%emt 0:00:01]} 39. Rd8 {[%emt 0:00:02]} c4 {[%emt 0:00:02]} 40. dxc4 {[%emt 0:00:03]} dxc4 {[%emt 0:00:01]} 41. Kg2 {[%emt 0:00:01]} Nf5 {[%emt 0:00:01]} 42. Kh3 {[%emt 0:00:02]} Ne3 {[%emt 0:00:02]} 43. Rf2 {[%emt 0:00:03]} Raf5 {[%emt 0:00:02]} 44. Re8 {[%emt 0:00:03]} Rxf3+ {[%emt 0:00:03]} 45. Rxf3 {[%emt 0:00:02]} Rxf3+ {[%emt 0:00:01]} 46. Kh2 {[%emt 0:00:00]} Nd1 {[%emt 0:00:01]} 47. Re7+ {[%emt 0:00:02]} Kf6 {[%emt 0:00:01]} 48. Rc7 {[%emt 0:00:01]} Rf4 {[%emt 0:00:01]} 49. Kg3 {[%emt 0:00:02]} Re4 {[%emt 0:00:01]} 50. Rc6+ {[%emt 0:00:01]} Kg7 {[%emt 0:00:03]} 51. Rc7+ {[%emt 0:00:01]} Kh6 {[%emt 0:00:01]} 52. Rb7 {[%emt 0:00:03]} Re2 {[%emt 0:00:04]} 53. Rb4 {[%emt 0:00:03]} Nxb2 {[%emt 0:00:02]} 54. Kf3 {[%emt 0:00:01]} Rc2 {[%emt 0:00:01]} 55. Ke4 {[%emt 0:00:03]} Rh2 {[%emt 0:00:05]} 56. Kd5 {[%emt 0:00:03]} Kh5 {[%emt 0:00:05]} 57. Rb7 {[%emt 0:00:05]} h6 {[%emt 0:00:01]} 58. Rb6 {[%emt 0:00:02]} Kxh4 {[%emt 0:00:02]} 59. Rxg6 {[%emt 0:00:01]} h5 {[%emt 0:00:00]} 60. Rb6 {[%emt 0:00:03]} Nd3 {[%emt 0:00:02]} 61. Kxc4 {[%emt 0:00:03]} Ne5+ {[%emt 0:00:02]} 62. Kd5 {[%emt 0:00:02]} Nd7 {[%emt 0:00:06]} 63. Rb4+ {[%emt 0:00:00]} Kg3 {[%emt 0:00:02]} 64. Kd6 {[%emt 0:00:02]} Nf6 {[%emt 0:00:01]} 65. Ke6 {[%emt 0:00:01]} Ng4 {[%emt 0:00:01]} 66. c4 {[%emt 0:00:03]} Rc2 {[%emt 0:00:02]} 67. Rb3+ {[%emt 0:00:03]} Kg2 {[%emt 0:00:00]} 68. Kd5 {[%emt 0:00:03]} h4 {[%emt 0:00:01]} 69. Rb8 {[%emt 0:00:02]} h3 {[%emt 0:00:00]} 70. Rg8 {[%emt 0:00:02]} Kg3 {[%emt 0:00:01]} 71. Rh8 {[%emt 0:00:02]} h2 {[%emt 0:00:01]} 72. Ke4 {[%emt 0:00:02]} Nf2+ {[%emt 0:00:01]} 73. Ke3 {[%emt 0:00:02]} Nh3 {[%emt 0:00:02]} 74. Rg8+ {[%emt 0:00:01]} Kh4 {[%emt 0:00:02]} 75. Rh8+ {[%emt 0:00:01]} Kg4 {[%emt 0:00:01]} 76. Rg8+ {[%emt 0:00:02]} Ng5 {[%emt 0:00:01]} 77. Rh8 {[%emt 0:00:02]} Nh3 {[%emt 0:00:11]} 78. Rg8+ {[%emt 0:00:00]} Kf5 {[%emt 0:00:00]} 79. Rf8+ {[%emt 0:00:06]} Ke6 {[%emt 0:00:01]} 80. Rf1 {[%emt 0:00:02]} Ng1 {[%emt 0:00:01]} 81. Rf8 {[%emt 0:00:03]} h1=Q {[%emt 0:00:02]} 82. Kd4 {Ke5+} 0-1

[Event "RUS-ch Women Blitz 2019"]
[Site "Sochi"]
[Date "2019.10.17"]
[Round "6.1"]
[White "Voit, Daria"]
[Black "Semenova, Elena"]
[Result "1/2-1/2"]
[WhiteElo "2336"]
[BlackElo "2282"]
[Annotator "RC"]
[PlyCount "64"]
[EventDate "2019.10.17"]
[EventType "swiss"]
[EventCountry "RUS"]
[SourceTitle "playchess.com"]
[Source "ChessBase"]
[SourceQuality "1"]
[TimeControl "180+2"]

1. d4 {[%emt 0:00:00]} Nf6 {[%emt 0:00:00]} 2. Nf3 {[%emt 0:00:00]} d5 {[%emt 0:00:00]} 3. c4 {[%emt 0:00:01]} e6 {[%emt 0:00:00]} 4. g3 {[%emt 0:00:01]} Be7 {[%emt 0:00:02]} 5. Bg2 {[%emt 0:00:01]} O-O {[%emt 0:00:01]} 6. O-O {[%emt 0:00:02]} dxc4 {[%emt 0:00:02]} 7. Qc2 {[%emt 0:00:00]} a6 {[%emt 0:00:03]} 8. Qxc4 {[%emt 0:00:01]} b5 {[%emt 0:00:01]} 9. Qc2 {[%emt 0:00:01]} Bb7 {[%emt 0:00:01]} 10. Bd2 {[%emt 0:00:01]} Be4 {[%emt 0:00:23]} 11. Qc1 {[%emt 0:00:01]} c6 {[%emt 0:00:04]} 12. Nc3 {[%emt 0:00:17]} Bxf3 {[%emt 0:00:05]} 13. Bxf3 {[%emt 0:00:03]} Qxd4 {[%emt 0:00:03]} 14. Rd1 {[%emt 0:00:14]} Qb6 {[%emt 0:00:21]} 15. Be3 {[%emt 0:00:11]} Qc7 {[%emt 0:00:14]} 16. Ne4 {[%emt 0:00:39]} Nd5 {[%emt 0:00:17]} 17. Bc5 {[%emt 0:00:02]} Nd7 {[%emt 0:00:19]} 18. Bxe7 {[%emt 0:00:37]} Nxe7 {[%emt 0:00:01]} 19. Nc5 {[%emt 0:00:21]} Nxc5 {[%emt 0:00:12]} 20. Qxc5 {[%emt 0:00:01]} Rfd8 {[%emt 0:00:02]} 21. b4 {[%emt 0:00:19]} h6 {[%emt 0:00:15]} 22. Rac1 {[%emt 0:00:11]} Rxd1+ {[%emt 0:00:04]} 23. Rxd1 {[%emt 0:00:01]} Rd8 {[%emt 0:00:02]} 24. Rxd8+ {[%emt 0:00:13]} Qxd8 {[%emt 0:00:00]} 25. Bxc6 {[%emt 0:00:02]} Nxc6 {[%emt 0:00:16]} 26. Qxc6 {[%emt 0:00:01]} Qd1+ {[%emt 0:00:10]} 27. Kg2 {[%emt 0:00:01]} g6 {[%emt 0:00:13]} 28. Qxa6 {[%emt 0:00:17]} Qxe2 {[%emt 0:00:06]} 29. a3 {[%emt 0:00:01]} Qe4+ {[%emt 0:00:04]} 30. Kg1 {[%emt 0:00:01]} Qe1+ {[%emt 0:00:02]} 31. Kg2 {[%emt 0:00:01]} Qe4+ {[%emt 0:00:02]} 32. Kg1 {[%emt 0:00:01]} Qe1+ {[%emt 0:00:01]} 1/2-1/2

[Event "RUS-ch Women Blitz 2019"]
[Site "Sochi"]
[Date "2019.10.17"]
[Round "6.2"]
[White "Kovanova, Baira"]
[Black "Karavaeva, Olga"]
[Result "1-0"]
[WhiteElo "2344"]
[BlackElo "2260"]
[Annotator "RC"]
[PlyCount "105"]
[EventDate "2019.10.17"]
[EventType "swiss"]
[EventCountry "RUS"]
[SourceTitle "playchess.com"]
[Source "ChessBase"]
[SourceQuality "1"]
[TimeControl "180+2"]

1. Nf3 {[%emt 0:00:00]} d5 {[%emt 0:00:00]} 2. g3 {[%emt 0:00:00]} c6 {[%emt 0:00:01]} 3. Bg2 {[%emt 0:00:01]} Nf6 {[%emt 0:00:04]} 4. O-O {[%emt 0:00:03]} Bf5 {[%emt 0:00:05]} 5. d3 {[%emt 0:00:01]} e6 {[%emt 0:00:12]} 6. Nbd2 {[%emt 0:00:08]} Nbd7 {[%emt 0:00:04]} 7. Qe1 {[%emt 0:00:04]} h6 {[%emt 0:00:07]} 8. e4 {[%emt 0:00:01]} dxe4 {[%emt 0:00:01]} 9. dxe4 {[%emt 0:00:00]} Bh7 {[%emt 0:00:04]} 10. Qe2 {[%emt 0:00:02]} Bc5 {[%emt 0:00:06]} 11. b3 {[%emt 0:00:20]} O-O {[%emt 0:00:06]} 12. Bb2 {[%emt 0:00:01]} Qc7 {[%emt 0:00:11]} 13. h3 {[%emt 0:00:17]} Rad8 {[%emt 0:00:04]} 14. e5 {[%emt 0:00:09]} Nd5 {[%emt 0:00:08]} 15. Ne4 {[%emt 0:00:04]} Be7 {[%emt 0:00:09]} 16. Rad1 {[%emt 0:00:08]} Nc5 {[%emt 0:00:07]} 17. Nfd2 {[%emt 0:00:30]} Nb4 {[%emt 0:00:20]} 18. Nxc5 {[%emt 0:00:23]} Bxc5 {[%emt 0:00:02]} 19. Ne4 {[%emt 0:00:01]} Be7 {[%emt 0:00:23]} 20. a3 {[%emt 0:00:01]} Na6 {[%emt 0:00:05]} 21. b4 {[%emt 0:00:06]} Qb6 {[%emt 0:00:18]} 22. c4 {[%emt 0:00:19]} Qc7 {[%emt 0:00:15]} 23. c5 {[%emt 0:00:07]} Bxe4 {[%emt 0:00:08]} 24. Bxe4 {[%emt 0:00:05]} Rxd1 {[%emt 0:00:03]} 25. Rxd1 {[%emt 0:00:01]} Rd8 {[%emt 0:00:01]} 26. Bd3 {[%emt 0:00:25]} Qc8 {[%emt 0:00:12]} 27. Bc1 {[%emt 0:00:03]} Bg5 {[%emt 0:00:23]} 28. Bxg5 {[%emt 0:00:06]} hxg5 {[%emt 0:00:01]} 29. Qh5 {[%emt 0:00:05]} g6 {[%emt 0:00:02]} 30. Qxg5 {[%emt 0:00:01]} Nc7 {[%emt 0:00:02]} 31. Kg2 {[%emt 0:00:06]} Nd5 {[%emt 0:00:04]} 32. h4 {[%emt 0:00:07]} Qd7 {[%emt 0:00:08]} 33. h5 {[%emt 0:00:01]} Qe7 {[%emt 0:00:01]} 34. Qg4 {[%emt 0:00:05]} Kg7 {[%emt 0:00:02]} 35. hxg6 {[%emt 0:00:02]} f5 {[%emt 0:00:01]} 36. exf6+ {[%emt 0:00:02]} Qxf6 {[%emt 0:00:01]} 37. Qf3 {[%emt 0:00:15]} Qxf3+ 38. Kxf3 {[%emt 0:00:00]} Nc3 {[%emt 0:00:03]} 39. Rd2 {[%emt 0:00:04]} Nb5 {[%emt 0:00:02]} 40. Ke2 {[%emt 0:00:03]} Nxa3 {[%emt 0:00:01]} 41. Be4 {[%emt 0:00:01]} Rxd2+ {[%emt 0:00:03]} 42. Kxd2 {[%emt 0:00:01]} Nc4+ {[%emt 0:00:01]} 43. Kc3 {[%emt 0:00:00]} Ne5 {[%emt 0:00:01]} 44. f4 {[%emt 0:00:01]} Nxg6 {[%emt 0:00:01]} 45. Kd4 {[%emt 0:00:01]} Ne7 {[%emt 0:00:02]} 46. Ke5 Kf7 47. Kd6 {[%emt 0:00:02]} Nd5 {[%emt 0:00:01]} 48. b5 {[%emt 0:00:03]} cxb5 {[%emt 0:00:02]} 49. f5 {[%emt 0:00:02]} Nc3 {[%emt 0:00:03]} 50. fxe6+ {[%emt 0:00:01]} Ke8 {[%emt 0:00:01]} 51. Bg6+ {[%emt 0:00:01]} Kf8 {[%emt 0:00:01]} 52. e7+ {[%emt 0:00:01]} Kg7 {[%emt 0:00:01]} 53. e8=Q 1-0